000 00283nam a22000977a 4500
008 150819b xxu||||| |||| 00| 0 eng d
020 _a0875892248
100 _aFELDMAN CAROL FLEISHER
245 _aTHE DEVELOPMENT OF ADAPTIVE INTELLIGENCE
260 _aSAN FRANCISCO
_bJOSSEY- PUBLISHERS
_c1974
999 _c167
_d167